000 00536nam a2200169 i 4500
001 142310
003 ES-MaACL
005 20230906200506.0
007 t|
008 071004s1909 gw ||||1| ger d
100 1 _aWinkler, Heinrich.
_9117088
245 1 4 _aDas Baskische und der vorderasiatisch-mittelländische Völker= und Kulturkreis /
_cvon Heinrich Winkler.
260 _aBreslau :
_bGrass, Barth & Co.,
_c1909.
300 _a30 p., [2] h. pleg. ;
_c26 cm.
650 _aLengua vasca.
_914329
852 _aES-MaACL
_jT-1178-F-1
999 _c142310
_d142310